Statistics for Soccerplayers

Click here to take the quiz!

General Stats

  • This quiz has been taken 3 times
  • The average score is 2 of 17

Answer Stats

namenamenamenamename% Correct
depayhazardricharlisongakpodzeko
67%
benzemakanesanchodestkobel
67%
neymarsoncasemirobaldebellingham
67%
haalandrodrimahrezpulusicmodeste
33%
de bruyneantonyrodrygosilvagrealish
0%
fodenbernardo silvalaporteeder militaohummels
0%
courtoisde geabruno fernandesalissonstones
0%
edersonguendouzicanceloalabankunku
0%
neuerhernandezfabinhomatipake
0%
messihileumarquinhoskoundekante
0%
lewandowskillorisrshfordsterlingsommer
0%
ronaldolukakuviniciusdembelereus
0%
salahmaguirekulusevskikoulibalyibrahimovic
0%
mbappemaneshawter stegenkovacic
0%
de jongruben diasalexander-arnoldhendersondumfries
0%
de ligtvalverdewalkernunezmartinez
0%
van dijkvaranedaviesmendygiroud
0%

Score Distribution

Percentile by Number Answered

Percent of People with Each Score

Your Score History

You have not taken this quiz